MARC details
| 000 -CABECERA |
| campo de control de longitud fija |
02365nam a2200409 a 4500 |
| 001 - NÚMERO DE CONTROL |
| campo de control |
000041783 |
| 003 - IDENTIFICADOR DEL NÚMERO DE CONTROL |
| campo de control |
DO-SdBNP |
| 005 - FECHA Y HORA DE LA ÚLTIMA TRANSACCIÓN |
| campo de control |
20250318154433.0 |
| 008 - DATOS DE LONGITUD FIJA--INFORMACIÓN GENERAL |
| campo de control de longitud fija |
131017s1983 sp 000 0 spa d |
| 020 ## - NÚMERO INTERNACIONAL ESTÁNDAR DEL LIBRO |
| Número Internacional Estándar del Libro |
8400052471 |
| 040 ## - FUENTE DE LA CATALOGACIÓN |
| Centro catalogador/agencia de origen |
DO-SdBNP |
| Lengua de catalogación |
spa |
| Centro/agencia transcriptor |
BNPHU |
| 082 #4 - NÚMERO DE LA CLASIFICACIÓN DECIMAL DEWEY |
| Número de clasificación |
345.46026 |
| Número de edición |
22 |
| 100 1# - ENTRADA PRINCIPAL--NOMBRE DE PERSONA |
| Nombre de persona |
Muro Orejón, Antonio |
| 9 (RLIN) |
64027 |
| 245 10 - MENCIÓN DE TÍTULO |
| Título |
Pleitos Colombinos / |
| Mención de responsabilidad, etc. |
edición preparada por Antonio Muro Orejón con la colaboración de Florentino Pérez-Embid, José Antonio Calderon Quijano, Francisco Morales Padron, Tomas Marín Martinez ; versión y revisión paleográfica de José Llavador Mira, Miguel Maticorena Estrada, Bibiano Torres Ramírez, Consuelo Varela Bueno. |
| Resto del título |
[Edición preparada por Antonio Muro Orejón, con la colaboración de Florentino Pérez-Embid, et al.] |
| 260 ## - PUBLICACIÓN, DISTRIBUCIÓN, ETC. |
| Lugar de publicación, distribución, etc. |
Sevilla : |
| Nombre del editor, distribuidor, etc. |
Escuela de Estudios Hispanoamericanos, |
| Fecha de publicación, distribución, etc. |
1983. |
| 300 ## - DESCRIPCIÓN FÍSICA |
| Extensión |
v. ; |
| Dimensiones |
24 cm. |
| 490 1# - MENCIÓN DE SERIE |
| Mención de serie |
Publicaciones de la escuela de estudios hispano-americanos de Sevilla |
| Designación de volumen o secuencia |
282 |
| 500 ## - NOTA GENERAL |
| Nota general |
Incluye índice |
| 505 0# - NOTA DE CONTENIDO CON FORMATO |
| Información miscelánea |
v. 1. |
| Título |
Proceso hasta la sentencia de Sevilla (1511). |
| Información miscelánea |
v.2. |
| Título |
Pleitos sobre el Darien (1512-1519) |
| Información miscelánea |
v.3. |
| Título |
Probanzas del Almirante de las Indias (1512-1515) |
| Información miscelánea |
v. 4. |
| Título |
Probanzas del fiscal (1512-1515) |
| Información miscelánea |
v.8. |
| Título |
Rollo del proceso sobre la apelación de la sentencia de Dueñas, 1534-1536. |
| 600 #4 - PUNTO DE ACCESO ADICIONAL DE MATERIA--NOMBRE DE PERSONA |
| Nombre de persona |
Ruiz, Pedro |
| Fechas asociadas al nombre |
Activo del siglo XV al siglo XVI |
| Subdivisión general |
Juicios, litigios, etc. |
| 9 (RLIN) |
77592 |
| 600 #4 - PUNTO DE ACCESO ADICIONAL DE MATERIA--NOMBRE DE PERSONA |
| Nombre de persona |
Colón, Diego, |
| Fechas asociadas al nombre |
-1526 |
| Subdivisión general |
Juicios, litigios, etc. |
| 9 (RLIN) |
77593 |
| 600 #4 - PUNTO DE ACCESO ADICIONAL DE MATERIA--NOMBRE DE PERSONA |
| Nombre de persona |
Familia Colón |
| 9 (RLIN) |
77594 |
| 650 #4 - PUNTO DE ACCESO ADICIONAL DE MATERIA--TÉRMINO DE MATERIA |
| Término de materia o nombre geográfico como elemento de entrada |
Concesiones de tierras |
| Subdivisión general |
Legislación |
| Subdivisión geográfica |
América Latina |
| 9 (RLIN) |
77595 |
| 651 #4 - PUNTO DE ACCESO ADICIONAL DE MATERIA--NOMBRE GEOGRÁFICO |
| Nombre geográfico |
América -- |
| Subdivisión general |
Descubrimiento y exploración -- |
| -- |
Españoles |
| 9 (RLIN) |
544 |
| Subdivisión de forma |
Ensayo, conferencias, etc. |
| 700 1# - PUNTO DE ACCESO ADICIONAL--NOMBRE DE PERSONA |
| Nombre de persona |
Perez-Embid, Florentino |
| Término indicativo de función/relación |
colab. |
| 9 (RLIN) |
64027 |
| 700 1# - PUNTO DE ACCESO ADICIONAL--NOMBRE DE PERSONA |
| Nombre de persona |
Calderón Quijano, José Antonio |
| 9 (RLIN) |
15455 |
| Término indicativo de función/relación |
colab. |
| 700 1# - PUNTO DE ACCESO ADICIONAL--NOMBRE DE PERSONA |
| Nombre de persona |
Morales Padron, Francisco |
| Término indicativo de función/relación |
colab. |
| 9 (RLIN) |
15719 |
| 700 1# - PUNTO DE ACCESO ADICIONAL--NOMBRE DE PERSONA |
| Nombre de persona |
Marin Martinez, Tomas |
| Término indicativo de función/relación |
colab. |
| 9 (RLIN) |
77596 |
| 700 1# - PUNTO DE ACCESO ADICIONAL--NOMBRE DE PERSONA |
| Nombre de persona |
Llavador Mira, José |
| 9 (RLIN) |
68642 |
| Término indicativo de función/relación |
colab. |
| 700 1# - PUNTO DE ACCESO ADICIONAL--NOMBRE DE PERSONA |
| Nombre de persona |
Lavador Mira, José, |
| Término indicativo de función/relación |
rev. |
| 9 (RLIN) |
77597 |
| 700 1# - PUNTO DE ACCESO ADICIONAL--NOMBRE DE PERSONA |
| Nombre de persona |
Maticorena Estrada, José |
| Término indicativo de función/relación |
rev. |
| 9 (RLIN) |
77598 |
| 700 1# - PUNTO DE ACCESO ADICIONAL--NOMBRE DE PERSONA |
| Nombre de persona |
Torres Ramírez, Bibiano |
| Término indicativo de función/relación |
rev. |
| 9 (RLIN) |
14974 |
| 700 1# - PUNTO DE ACCESO ADICIONAL--NOMBRE DE PERSONA |
| Nombre de persona |
Varela Bueno, Consuelo |
| Término indicativo de función/relación |
rev. |
| 9 (RLIN) |
77599 |
| 830 #0 - PUNTO DE ACCESO ADICIONAL DE SERIE-TÍTULO UNIFORME |
| Título uniforme |
Publicaciones de la escuela de estudios hispano-americanos de Sevilla ; |
| Número de parte o sección de la obra |
282 |
| 9 (RLIN) |
68643 |
| 910 ## - DATOS DE OPCIÓN DEL USUARIO (OCLC) |
| Datos de opción del usuario |
Validado. Control de calidad MFF |
| 942 ## - ELEMENTOS DE PUNTO DE ACCESO ADICIONAL (KOHA) |
| Fuente del sistema de clasificación o colocación |
Dewey Decimal Classification |
| Tipo de ítem Koha |
Libro |